000 00302nam a22001337a 4500
008 181221b xxu||||| |||| 00| 0 eng d
020 _a0070728151
041 _aeng
080 _a621
100 _a27
101 _aMEK
245 _aBasic Engineering Thermodynamics
_cZemansky, M.W
942 _2udc
_cBK
999 _c53689
_d53689